000 00360pab a2200133 454500
008 180718b xxu||||| |||| 00| 0 eng d
100 _aSharma, Jyoti
245 _aThe police between centre and states in India
650 _a Para Military Forces
650 _a Law Enforcement
650 _aPolice - India
773 _aPolitical Science Review
909 _a22317
999 _c22317
_d22317